000
00265nam a22001097a 4500
082
_a
621 MEC'B
100
_a
BAUMEISTER, THEODORE
_9
60624
245
_a
MECHANICAL ENGINEERING HANDBOOK
260
_a
NEWYORK
_b
MCGRAW HILL
_c
1950
300
_a
XXIV,18-43P
942
_c
BK
999
_c
570310
_d
570310